ბათუმის შოთა რუსთაველის სახელმწიფო უნივერსიტეტის ბიბლიოთეკა

ჩემი თანამედროვის ამბავი (ბიბ.ჩანაწერი № 50077)

000 -LEADER
fixed length control field 00782nam a2200229Ia 4500
001 - CONTROL NUMBER
control field 17015
003 - CONTROL NUMBER IDENTIFIER
control field GE_BSU
008 - FIXED-LENGTH DATA ELEMENTS--GENERAL INFORMATION
fixed length control field 181216s||||||||xx |||||||||||||| ||und||
040 ## - CATALOGING SOURCE
Transcribing agency GE_BSU
080 ## - UNIVERSAL DECIMAL CLASSIFICATION NUMBER
Universal Decimal Classification number 821.161.1-32
100 ## - MAIN ENTRY--PERSONAL NAME
Personal name კოროლენკო, ვ.
245 ## - TITLE STATEMENT
Title ჩემი თანამედროვის ამბავი
245 ## - TITLE STATEMENT
Remainder of title ავტობიოგრ. მოთხრობა
245 ## - TITLE STATEMENT
Statement of responsibility, etc. რედ.ლ.ცაგარეიშვილი
260 ## - PUBLICATION, DISTRIBUTION, ETC.
Place of publication, distribution, etc. თბილისი
260 ## - PUBLICATION, DISTRIBUTION, ETC.
Name of publisher, distributor, etc. ნაკადული
260 ## - PUBLICATION, DISTRIBUTION, ETC.
Date of publication, distribution, etc. 1967
300 ## - PHYSICAL DESCRIPTION
Extent 390გვ. ; 22სმ.
653 ## - INDEX TERM--UNCONTROLLED
Uncontrolled term ავტობიოგრ. მოთხრობა
653 ## - INDEX TERM--UNCONTROLLED
Uncontrolled term ჩემი თანამედროვის ამბავი
942 ## - ADDED ENTRY ELEMENTS (KOHA)
Koha item type წიგნი
ეგზემპლარები
Withdrawn status Lost status Damaged status Not for loan Date acquired Barcode Date last seen Price effective from Koha item type
        2018-12-17 21356 2018-12-17 2018-12-17 წიგნი
        2018-12-17 21357 2018-12-17 2018-12-17 წიგნი
        2018-12-17 21358 2018-12-17 2018-12-17 წიგნი
        2018-12-17 21359 2018-12-17 2018-12-17 წიგნი